Informe de las actividades del consejo: informe del secretario general

সংরক্ষণ করুন:
গ্রন্থ-পঞ্জীর বিবরন
সংস্থা লেখক: Unión Europea (Author)
বিন্যাস: গ্রন্থ
ভাষা:স্প্যানিশ
প্রকাশিত: Luxemburgo Consejo de la Unión Europea 1997
বিষয়গুলি:
ট্যাগগুলো: ট্যাগ যুক্ত করুন
কোনো ট্যাগ নেই, প্রথমজন হিসাবে ট্যাগ করুন!

MARC

LEADER 00000nam a2200000 a 4500
001 UCR2059
003 CL-VaPUC
008 980109e19970000LU |||||||||||||||||spa|d
082 0 4 |a 337.142  |b UNI  |2 21 
110 2 |a Unión Europea  |e author  |9 399689 
245 1 0 |a Informe de las actividades del consejo: informe del secretario general 
300 |a 185 p 
942 |c BK 
945 |d 19980109 00:00:00  |a jquezada 
260 |a Luxemburgo  |b Consejo de la Unión Europea  |c 1997 
600 0 7 |a UNION EUROPEA  |2 CL-VaPUC  |9 320734 
650 0 |a Política exterior   |9 316628 
650 7 |a TRATADOS  |2 CL-VaPUC  |9 399690 
650 0 |a Relaciones Internacionales  |9 255740 
583 |a last modification  |c 19980109 00:00:00  |k Rodrigo Vera 
999 |c 265332  |d 265330 
952 |0 0  |1 0  |4 0  |6 337_142000000000000_UNI_1997  |7 0  |8 A  |9 296213  |a BIBDER  |b BIBDER  |d 2019-11-20  |i 3381056  |o 337.142 UNI 1997  |p 3381056  |r 2023-01-25  |w 2019-11-20  |y BK  |k DER